书目信息 |
| 题名: |
楼梯与台阶构造
|
|
| 作者: | 王天 著 | |
| 分册: | ||
| 出版信息: | 北京 机械工业出版社 2013 |
|
| 页数: | 184页 | |
| 开本: | 24cm | |
| 丛书名: | ||
| 单 册: | ||
| 中图分类: | TU229 , TU232 | |
| 科图分类: | ||
| 主题词: | 楼梯--建筑设计 , 台阶--建筑设计 , 建筑设计 , 台阶 , 楼梯 | |
| 电子资源: | ||
| ISBN: | 978-7-111-43525-9 | |
| 000 | 00883nam0 2200289 450 | |
| 001 | 141205 | |
| 005 | 20141106123521.35 | |
| 010 | @a978-7-111-43525-9@dCNY 28.00 | |
| 100 | @a20131125d2013 em y0chiy50 ea | |
| 101 | 0 | @achi |
| 102 | @aCN@b110000 | |
| 105 | @aa z 000yy | |
| 200 | 1 | @a楼梯与台阶构造@9lou ti yu tai jie gou zao@b专著@dStaircases and step@f王天著@zeng |
| 210 | @a北京@c机械工业出版社@d2013 | |
| 215 | @a184页@c图@d24cm | |
| 330 | @a本书从建筑的角度,结合历史的演进,利用大量的作者手绘图例,阐明了建筑中梯与台阶的各种形态及构造做法,读来轻松愉悦。 | |
| 510 | 1 | @aStaircases and step@zeng |
| 606 | 0 | @a楼梯@x建筑设计 |
| 606 | 0 | @a台阶@x建筑设计 |
| 606 | 0 | @a建筑设计 |
| 606 | 0 | @a台阶 |
| 606 | 0 | @a楼梯 |
| 690 | @aTU229@v5 | |
| 690 | @aTU232@v5 | |
| 701 | 0 | @a王天@9wang tian@c(建筑设计)@4著 |
| 801 | 0 | @c20141106 |
| 905 | @a241430@dTU229@eW365 | |
| 楼梯与台阶构造=Staircases and step/王天著.-北京:机械工业出版社,2013 |
| 184页:图;24cm |
| ISBN 978-7-111-43525-9:CNY 28.00 |
| 本书从建筑的角度,结合历史的演进,利用大量的作者手绘图例,阐明了建筑中梯与台阶的各种形态及构造做法,读来轻松愉悦。 |
| ● |
| 相关链接 |
|
|
|
正题名:楼梯与台阶构造
索取号:TU229/W365
 
预约/预借
| 序号 | 登录号 | 条形码 | 馆藏地/架位号 | 状态 | 备注 |
| 1 | 0837231 | 208372312 | 建筑库101/101建筑库 47排6列3层/ [索取号:TU229/W365] | 在馆 | |
| 2 | 0837232 | 208372321 | 建筑库101/101建筑库 47排6列3层/ [索取号:TU229/W365] | 在馆 | |
| 3 | 0837233 | 208372330 | 建筑库101/101建筑库 47排6列3层/ [索取号:TU229/W365] | 在馆 |